000 00492nam a2200133Ia 4500
008 220216s9999 xx 000 0 und d
100 _aHaridasan V.
245 0 _aLegislations covering rubber plantation labour
260 _bIn: Handbook of natural rubber production in India. (Ed. P.N. Radhakrishna Pillay). Rubber Research Institute of India, Kottayam, India, pp. 517-533.
_c1980
650 _aLabour legislation
650 _aPlantation labour act
700 _aPillai V.B.
942 _cBS
999 _c49824
_d49824